<?xml version="1.0" encoding="UTF-8"?>
<record
    xmlns:xsi="http://www.w3.org/2001/XMLSchema-instance"
    xsi:schemaLocation="http://www.loc.gov/MARC21/slim http://www.loc.gov/standards/marcxml/schema/MARC21slim.xsd"
    xmlns="http://www.loc.gov/MARC21/slim">

  <leader>00593nam a2200193   4500</leader>
  <controlfield tag="001">86464</controlfield>
  <controlfield tag="003">BD-RjUL</controlfield>
  <controlfield tag="005">20260512125904.0</controlfield>
  <controlfield tag="008">260512s1969    pk ||||| |||| 00| 0 urd d</controlfield>
  <datafield tag="035" ind1=" " ind2=" ">
    <subfield code="a">(BD-RjUL)</subfield>
  </datafield>
  <datafield tag="040" ind1=" " ind2=" ">
    <subfield code="a">BD-RjUL</subfield>
    <subfield code="b">eng</subfield>
    <subfield code="c">BD-RjUL</subfield>
  </datafield>
  <datafield tag="041" ind1=" " ind2=" ">
    <subfield code="a">urd</subfield>
  </datafield>
  <datafield tag="082" ind1=" " ind2=" ">
    <subfield code="2">23</subfield>
    <subfield code="a">512.8</subfield>
  </datafield>
  <datafield tag="100" ind1=" " ind2=" ">
    <subfield code="a">&#x6CC;&#x648;&#x633;&#x641;&#x60C; &#x645;&#x62D;&#x645;&#x62F; ;; </subfield>
    <subfield code="9">18446</subfield>
  </datafield>
  <datafield tag="245" ind1=" " ind2=" ">
    <subfield code="a">&#x688;&#x6CC;&#x679;&#x631; &#x645;&#x6CC;&#x6BA; &#x627;&#x648;&#x646;&#x679;&#x648;&#x6BA; &#x627;&#x648;&#x631; &#x645;&#x648;&#x6CC;&#x634;&#x6CC;&#x648;&#x6BA; &#x6A9;&#x627; &#x646;&#x638;&#x631;&#x6CC;&#x6C1;  =Theory of determinants and matrics /</subfield>
    <subfield code="c">&#x645;&#x62D;&#x645;&#x62F; &#x6CC;&#x648;&#x633;&#x641; ;; Muhammad Yousuf</subfield>
  </datafield>
  <datafield tag="264" ind1=" " ind2=" ">
    <subfield code="a">Lahore : </subfield>
    <subfield code="b">markaj Urdu, </subfield>
    <subfield code="c">1969</subfield>
  </datafield>
  <datafield tag="300" ind1=" " ind2=" ">
    <subfield code="a">437 ; </subfield>
    <subfield code="c">17 cm</subfield>
  </datafield>
  <datafield tag="942" ind1=" " ind2=" ">
    <subfield code="2">ddc</subfield>
    <subfield code="c">BK</subfield>
  </datafield>
  <datafield tag="999" ind1=" " ind2=" ">
    <subfield code="c">86464</subfield>
    <subfield code="d">86464</subfield>
  </datafield>
  <datafield tag="952" ind1=" " ind2=" ">
    <subfield code="0">0</subfield>
    <subfield code="1">0</subfield>
    <subfield code="2">ddc</subfield>
    <subfield code="4">0</subfield>
    <subfield code="7">1</subfield>
    <subfield code="8">NFIC</subfield>
    <subfield code="a">RUCL</subfield>
    <subfield code="b">RUCL</subfield>
    <subfield code="c">Reading</subfield>
    <subfield code="d">1969-10-21</subfield>
    <subfield code="e">Sh. Mubarak Ali</subfield>
    <subfield code="l">0</subfield>
    <subfield code="o">U 512.8 YOD 1969</subfield>
    <subfield code="r">2026-05-12 12:53:00</subfield>
    <subfield code="t">C-1</subfield>
    <subfield code="w">2026-05-12</subfield>
    <subfield code="y">BK</subfield>
  </datafield>
</record>
